000 00899nam0a22003011 4500
001 v19\rc\1930096
005 20251118180727.6
035 _a(NLR Aleph) 005015305
090 _a6531126
_c6531126
100 _a20080404d1912 u y0rusy50 ca
101 0 _arus
102 _aRU
105 _ay z |||||
200 1 _aМонастырские тюрьмы
_e[Описание]
_fЕ. Оларт
210 _aМосква
_cДело
_d1912
215 _a80 с.
_d14
225 1 _aИсторическая библиотека
_v№ 28
700 1 _7ca
_8rus
_aОларт
_bЕ.
_gЕвгений
_9190307
_3RU\NLR\AUTH\770190358
801 0 _aRU
_bNLR
_gpsbo
801 0 _aRU
_bRuMoRGB
_2psbo
801 1 _aRU
_bProSoft-M
_2rusmarc
852 _aNLR
_j37.33.10.5(№ 28)
899 _aRuMoRGB
_jФ 1-68/7410 (№ 28)
899 _aБАН
899 _aГПИБ
942 _cBOOK
980 _aNB